000 00287nam a22001337a 4500
008 181011b xxu||||| |||| 00| 0 eng d
020 _a9780071755498
041 _aeng
080 _24th
_a311
100 _a55
101 _aSTA
245 _aStatistics
_cSpiegel,M.R
942 _2udc
_cBK
999 _c49324
_d49324